[Event "Budapest FS03 FM-2"]
[Site "Budapest"]
[Date "2024.03.20"]
[Round "7"]
[White "Ghoreishiamiri, Seyedkian"]
[Black "Farago, Sandor"]
[Result "1-0"]
[WhiteElo "1960"]
[BlackElo "2033"]
[PlyCount "127"]
[EventDate "2024.03.14"]
[EventType "tourn"]
[EventRounds "9"]
[EventCountry "HUN"]
[SourceTitle "CB15_2024"]
[SourceDate "2024.04.10"]
[SourceVersion "1"]
[SourceVersionDate "2024.04.10"]
[SourceQuality "1"]

1. e4 c5 2. Nf3 d6 3. d4 cxd4 4. Nxd4 Nf6 5. Nc3 a6 6. h3 Qa5 7. Nb3 Qc7 8. Be3 e6 9. g4 h6 10. Bg2 Nc6 11. f4 Be7 12. 0-0 Nd7 13. a4 b6 14. Qe2 Bb7 15. Rad1 Nc5 16. Nxc5 bxc5 17. e5 d5 18. Bxd5 exd5 19. Nxd5 Qa5 20. f5 Nd4 21. Bxd4 cxd4 22. Nxe7 Kxe7 23. f6+ Kf8 24. Rxd4 Qb6 25. Qf2 gxf6 26. exf6 Qc6 27. Kh2 Re8 28. Rfd1 Kg8 29. Rd8 Qc7+ 30. Qg3 Qxg3+ 31. Kxg3 Bc6 32. Rxe8+ Bxe8 33. b3 Kh7 34. Rd6 a5 35. Kf4 Bxa4 36. bxa4 Rc8 37. Rd5 Kg6 38. Ke5 Rxc2 39. Rxa5 Re2+ 40. Kf4 Kxf6 41. Rf5+ Kg6 42. a5 Ra2 43. Rh5 Re2 44. Re5 Ra2 45. Rc5 Ra3 46. Rh5 Ra4+ 47. Ke3 f5 48. Rxf5 Ra3+ 49. Kd4 Rxh3 50. Kc5 Ra3 51. Kb6 Ra4 52. a6 Rxg4 53. Rb5 Rf4 54. a7 Rf8 55. Kb7 Rf7+ 56. Ka6 Rf8 57. Rb8 Rf1 58. a8Q Ra1+ 59. Kb5 Rxa8 60. Rxa8 Kg5 61. Kc4 h5 62. Kd3 Kg4 63. Ke3 h4 64. Kf2 1-0

[Event "Budapest FS03 FM-2"]
[Site "Budapest"]
[Date "2024.03.19"]
[Round "6"]
[White "Farago, Sandor"]
[Black "Kavin, Vijayakumar"]
[Result "0-1"]
[WhiteElo "2033"]
[BlackElo "1798"]
[PlyCount "144"]
[EventDate "2024.03.14"]
[EventType "tourn"]
[EventRounds "9"]
[EventCountry "HUN"]
[SourceTitle "CB15_2024"]
[SourceDate "2024.04.10"]
[SourceVersion "1"]
[SourceVersionDate "2024.04.10"]
[SourceQuality "1"]

1. e4 e5 2. Nf3 Nc6 3. Bb5 a6 4. Ba4 Nf6 5. d3 b5 6. Bb3 Bc5 7. c3 d6 8. Bg5 h6 9. Bh4 Bb6 10. Nbd2 g5 11. Bg3 0-0 12. Nf1 Na5 13. Bc2 Nh5 14. Ne3 Bxe3 15. fxe3 Nxg3 16. hxg3 Kg7 17. Qd2 c5 18. 0-0-0 Be6 19. b3 c4 20. dxc4 bxc4 21. Qxd6 Qxd6 22. Rxd6 cxb3 23. axb3 Nxb3+ 24. Bxb3 Bxb3 25. Nxe5 Be6 26. Nc6 Rfe8 27. Kd2 a5 28. Nd4 Red8 29. Rxd8 Rxd8 30. Ra1 Ra8 31. Ra4 Bd7 32. Ra3 a4 33. c4 Rc8 34. Kd3 Kf6 35. Rc3 Rc5 36. Nf3 g4 37. Nd4 Ke5 38. Rc1 Bc6 39. Nxc6+ Rxc6 40. c5 a3 41. Kc4 Kxe4 42. Kb5 Rc8 43. c6 a2 44. Kc5 Kxe3 45. Ra1 Kf2 46. Rxa2+ Kxg3 47. Kd6 f5 48. Kd7 Rg8 49. c7 f4 50. Re2 Ra8 51. Rb2 h5 52. Kd6 Rc8 53. Kd7 Rg8 54. Kd6 Rc8 55. Kd7 Rxc7+ 56. Kxc7 h4 57. Kd6 f3 58. gxf3 gxf3 59. Rb8 f2 60. Rg8+ Kf3 61. Rf8+ Ke2 62. Re8+ Kf1 63. Rh8 h3 64. Kd5 Ke2 65. Re8+ Kd3 66. Rf8 h2 67. Rf3+ Ke2 68. Rh3 f1Q 69. Rxh2+ Ke3 70. Rh4 Qf7+ 71. Ke5 Qe7+ 72. Kf5 Qxh4 0-1

[Event "Budapest FS02 Nadassy"]
[Site "Budapest"]
[Date "2024.02.11"]
[Round "8.1"]
[White "Farago, Sandor"]
[Black "La Barbera, Manfredi"]
[Result "0-1"]
[WhiteElo "2041"]
[BlackElo "1955"]
[PlyCount "50"]
[EventDate "2024.02.03"]
[EventType "tourn"]
[EventRounds "12"]
[EventCountry "HUN"]
[SourceTitle "CB08_2024"]
[SourceDate "2024.02.21"]
[SourceVersion "1"]
[SourceVersionDate "2024.02.21"]
[SourceQuality "1"]
[WhiteTeam "Team Higher Elo"]
[BlackTeam "Team Lower Elo"]
[WhiteTeamCountry "HUN"]
[BlackTeamCountry "HUN"]

1. e4 e5 2. Nf3 Nc6 3. Bb5 a6 4. Ba4 d6 5. c3 f5 6. d3 Nf6 7. Bb3 f4 8. h3 Qe7 9. d4 Bd7 10. 0-0 Na5 11. Re1 Nxb3 12. Qxb3 0-0-0 13. dxe5 dxe5 14. Qa3 Qe8 15. Qa5 Bd6 16. Bxf4 exf4 17. e5 Qh5 18. c4 Bxh3 19. gxh3 Qxf3 20. exd6 Rxd6 21. Qf5+ Kb8 22. Nc3 Ng4 23. Ne4 Qxh3 24. Qxf4 Rg6 25. f3 Ne5+ 0-1

[Event "Budapest FS12 Nadassy"]
[Site "Budapest"]
[Date "2023.12.09"]
[Round "7.1"]
[White "Farago, Sandor"]
[Black "Vedant, Mistry"]
[Result "0-1"]
[WhiteElo "2036"]
[BlackElo "1871"]
[PlyCount "106"]
[EventDate "2023.12.02"]
[EventType "tourn"]
[EventRounds "10"]
[EventCountry "HUN"]
[SourceTitle "CB51_2023"]
[SourceDate "2023.12.20"]
[SourceVersion "1"]
[SourceVersionDate "2023.12.20"]
[SourceQuality "1"]
[WhiteTeam "Team Higher Elo"]
[BlackTeam "Team Lower Elo"]
[WhiteTeamCountry "HUN"]
[BlackTeamCountry "HUN"]

1. e4 e5 2. Nf3 Nc6 3. Bb5 a6 4. Ba4 Nf6 5. d3 d6 6. c3 g6 7. Bg5 Bg7 8. Nbd2 0-0 9. Bb3 b5 10. Nf1 Na5 11. Bc2 c5 12. Ne3 h6 13. Bh4 Be6 14. 0-0 Qc7 15. d4 Rac8 16. d5 Bd7 17. Nd2 Nh5 18. g4 Nf4 19. Bg3 Rb8 20. b3 Bf6 21. Qf3 Kg7 22. Rac1 Rh8 23. h4 Qd8 24. h5 Bg5 25. Kh2 Qf6 26. Rcd1 Rbg8 27. Rg1 Kf8 28. Ndf1 Nxh5 29. Qxf6 Nxf6 30. f3 h5 31. Kg2 hxg4 32. fxg4 Nxg4 33. Kf3 Nxe3 34. Nxe3 Rh3 35. Rdf1 Bf4 36. Kf2 Bxg3+ 37. Rxg3 Rxg3 38. Kxg3 Rh8 39. Kf3 Rh3+ 40. Ke2 Kg7 41. Kd2 Nb7 42. Rf2 Nd8 43. a4 f6 44. axb5 axb5 45. Rf1 Rh2+ 46. Kd3 Nf7 47. Ra1 f5 48. c4 b4 49. Rg1 Kh6 50. Rg2 Rxg2 51. Nxg2 f4 52. Ke2 Ng5 53. Nh4 Kh5 0-1

[Event "Budapest FS08 Nadassy"]
[Site "Budapest"]
[Date "2023.08.11"]
[Round "6.3"]
[White "Roneet, Das"]
[Black "Farago, Sandor"]
[Result "1-0"]
[WhiteElo "1878"]
[BlackElo "2121"]
[PlyCount "119"]
[EventDate "2023.08.05"]
[EventType "team-tourn"]
[EventRounds "10"]
[EventCountry "HUN"]
[SourceTitle "EXT 2024"]
[Source "ChessBase"]
[SourceDate "2023.10.10"]
[SourceVersion "1"]
[SourceVersionDate "2023.10.10"]
[SourceQuality "1"]
[WhiteTeam "Team Lower Elo"]
[BlackTeam "Team Higher Elo"]
[WhiteTeamCountry "HUN"]
[BlackTeamCountry "HUN"]

1. d4 Nf6 2. Nf3 c5 3. d5 b5 4. Bg5 Ne4 5. Bf4 Qa5+ 6. c3 d6 7. Nbd2 Nxd2 8. Qxd2 Bf5 9. Nh4 Bd7 10. e4 h6 11. Be3 g5 12. Nf3 Bg7 13. Bd3 Na6 14. 0-0 Bf6 15. Qe2 g4 16. Nd2 Nc7 17. a4 c4 18. Bc2 bxa4 19. Qxc4 Nb5 20. Bxa4 a6 21. Qe2 Qd8 22. c4 Nc7 23. Qxg4 Bxb2 24. Rab1 Bf6 25. Bxd7+ Qxd7 26. Qg3 h5 27. f4 Qg4 28. Qf2 0-0 29. Bb6 Rac8 30. Rb3 h4 31. Rh3 Ne8 32. e5 dxe5 33. fxe5 Bxe5 34. Rxh4 Qg6 35. Bd4 Bg7 36. Qe3 Nd6 37. Bxg7 Qxg7 38. Rh3 Nxc4 39. Nxc4 Rxc4 40. Rg3 Rg4 41. Rxg4 Qxg4 42. Rf3 Rd8 43. Rg3 Qxg3 44. Qxg3+ Kf8 45. Qh4 Kg8 46. Qxe7 Rxd5 47. Qe8+ Kg7 48. Qc6 Rd1+ 49. Kf2 Rd2+ 50. Kf3 Ra2 51. h4 Ra3+ 52. Kg4 f6 53. Qc7+ Kg8 54. Qd8+ Kf7 55. Qd7+ Kg6 56. h5+ Kh6 57. Qf7 Ra4+ 58. Kf5 Ra5+ 59. Kxf6 Rg5 60. Qe8 1-0

[Event "Budapest FS08 Nadassy"]
[Site "Budapest"]
[Date "2023.08.08"]
[Round "4.3"]
[White "Ingason, Sigurdur"]
[Black "Farago, Sandor"]
[Result "0-1"]
[WhiteElo "1761"]
[BlackElo "2121"]
[PlyCount "68"]
[EventDate "2023.08.05"]
[EventType "team-tourn"]
[EventRounds "10"]
[EventCountry "HUN"]
[SourceTitle "EXT 2024"]
[Source "ChessBase"]
[SourceDate "2023.10.10"]
[SourceVersion "1"]
[SourceVersionDate "2023.10.10"]
[SourceQuality "1"]
[WhiteTeam "Team Lower Elo"]
[BlackTeam "Team Higher Elo"]
[WhiteTeamCountry "HUN"]
[BlackTeamCountry "HUN"]

1. d4 Nf6 2. c4 c5 3. d5 g6 4. Nc3 d6 5. e4 Bg7 6. Be2 Na6 7. Bg5 Nc7 8. f4 0-0 9. Nf3 Bg4 10. 0-0 Nd7 11. Bh4 Qe8 12. e5 Bxf3 13. Bxf3 dxe5 14. d6 exd6 15. Qxd6 Qc8 16. Nd5 Nxd5 17. Bxd5 exf4 18. Qxf4 Ne5 19. Be7 Qc7 20. Bxf8 Rxf8 21. Rae1 b6 22. Re3 Kh8 23. Rh3 Qd7 24. Rg3 f5 25. h3 h6 26. Qc1 g5 27. Qc2 f4 28. Ra3 a5 29. Rb3 Qd6 30. Qe4 Qf6 31. Kh1 a4 32. Ra3 g4 33. hxg4 Nxg4 34. g3 Qxb2 0-1

[Event "Budapest FS05 Nadassy"]
[Site "Budapest"]
[Date "2023.05.19"]
[Round "10.2"]
[White "Teo, Hong Ming"]
[Black "Farago, Sandor"]
[Result "1-0"]
[WhiteElo "1871"]
[BlackElo "2089"]
[PlyCount "121"]
[EventDate "2023.05.06"]
[EventType "schev"]
[EventRounds "10"]
[EventCountry "HUN"]
[SourceTitle "CBM 214 Extra"]
[Source "ChessBase"]
[SourceDate "2023.07.31"]
[SourceVersion "1"]
[SourceVersionDate "2023.07.31"]
[SourceQuality "1"]
[WhiteTeam "B Team Lower Elo"]
[BlackTeam "A Team Higher Elo"]
[WhiteTeamCountry "HUN"]
[BlackTeamCountry "HUN"]

1. d4 Nf6 2. c4 c5 3. d5 g6 4. Nc3 d6 5. e4 Bg7 6. f3 Na6 7. Bg5 Nc7 8. a4 a6 9. Nge2 h5 10. Qd2 Rb8 11. Nc1 Bd7 12. a5 b5 13. axb6 Rxb6 14. Be2 0-0 15. Nd3 Kh7 16. 0-0 Nce8 17. h3 Ng8 18. f4 Bd4+ 19. Kh1 Ng7 20. Rae1 Qc8 21. Kh2 e6 22. Bd1 e5 23. fxe5 dxe5 24. Ne2 f6 25. Nxd4 exd4 26. Bh4 g5 27. Bf2 h4 28. b4 cxb4 29. Bxd4 Rb8 30. c5 a5 31. Nb2 Bb5 32. Rf2 Qd7 33. Bg4 Qd8 34. Qc2 Kh6 35. Na4 Nh5 36. Bxh5 Kxh5 37. Nb6 Kh6 38. e5 Rxb6 39. cxb6 Qxd5 40. Qc5 Qxc5 41. Bxc5 Rf7 42. exf6 Kg6 43. Re6 Ba6 44. Re8 Nh6 45. Ra8 Bb7 46. Rxa5 g4 47. Rf4 g3+ 48. Kg1 Nf5 49. Bxb4 Rxf6 50. Bc3 Rf7 51. Rg4+ Kh6 52. Bd2+ Kh7 53. Rc5 Ba6 54. Rc7 Rxc7 55. bxc7 Bc8 56. Ra4 Nd6 57. Rxh4+ Kg7 58. Bf4 Nf5 59. Be5+ Kf7 60. Rh8 Ne7 61. Bd6 1-0

[Event "Budapest FS05 Nadassy"]
[Site "Budapest"]
[Date "2023.05.09"]
[Round "4.2"]
[White "Aarav, Sarbalia"]
[Black "Farago, Sandor"]
[Result "0-1"]
[WhiteElo "1718"]
[BlackElo "2089"]
[PlyCount "48"]
[EventDate "2023.05.06"]
[EventType "schev"]
[EventRounds "10"]
[EventCountry "HUN"]
[SourceTitle "CBM 214 Extra"]
[Source "ChessBase"]
[SourceDate "2023.07.31"]
[SourceVersion "1"]
[SourceVersionDate "2023.07.31"]
[SourceQuality "1"]
[WhiteTeam "B Team Lower Elo"]
[BlackTeam "A Team Higher Elo"]
[WhiteTeamCountry "HUN"]
[BlackTeamCountry "HUN"]

1. e4 c5 2. Nf3 e6 3. c3 d6 4. d4 Nd7 5. Bd3 Be7 6. 0-0 Ngf6 7. Qc2 cxd4 8. cxd4 e5 9. Nc3 a6 10. a4 0-0 11. h3 b6 12. Be3 Bb7 13. Rac1 Qb8 14. Rfd1 Rc8 15. Qe2 h6 16. Nd2 Bf8 17. Nc4 b5 18. axb5 axb5 19. Nxb5 Bxe4 20. Bxe4 Nxe4 21. Nca3 Nb6 22. Rxc8 Qxc8 23. dxe5 dxe5 24. Rc1 Qa6 0-1

[Event "Budapest FS05 Nadassy"]
[Site "Budapest"]
[Date "2023.05.06"]
[Round "1.2"]
[White "Farago, Sandor"]
[Black "Szivak, Andras"]
[Result "1-0"]
[WhiteElo "2089"]
[BlackElo "1733"]
[PlyCount "95"]
[EventDate "2023.05.06"]
[EventType "schev"]
[EventRounds "10"]
[EventCountry "HUN"]
[SourceTitle "CBM 214 Extra"]
[Source "ChessBase"]
[SourceDate "2023.07.31"]
[SourceVersion "1"]
[SourceVersionDate "2023.07.31"]
[SourceQuality "1"]
[WhiteTeam "A Team Higher Elo"]
[BlackTeam "B Team Lower Elo"]
[WhiteTeamCountry "HUN"]
[BlackTeamCountry "HUN"]

1. e4 c5 2. Nf3 Nc6 3. Bc4 e6 4. 0-0 a6 5. Re1 b5 6. Bf1 Qb6 7. c4 b4 8. b3 e5 9. Bb2 d6 10. h3 a5 11. d3 Bd7 12. Nbd2 Be7 13. Be2 Nh6 14. Nf1 Nd8 15. Ne3 Bc6 16. Nd5 Qb7 17. Bc1 Ng8 18. Be3 Ne6 19. Qd2 h6 20. Nh2 g5 21. Bg4 Bxd5 22. cxd5 Nc7 23. Bf5 Bf6 24. Qe2 Bg7 25. h4 Ne7 26. Bh3 Nb5 27. hxg5 h5 28. Nf3 Nc3 29. Qc2 Ng6 30. Nd2 Ke7 31. Nc4 Nh4 32. f4 exf4 33. Bxf4 Bd4+ 34. Kh1 Nb5 35. Rad1 Ng6 36. Bh2 Ne5 37. Bxe5 dxe5 38. Rf1 Qc7 39. Rf5 Rhg8 40. Rdf1 Rg7 41. Rf6 Ke8 42. d6 Qb7 43. Qe2 Rxg5 44. Qf3 Rg7 45. Qxh5 Kf8 46. Qh8+ Rg8 47. Qh6+ Rg7 48. Rg6 1-0

[Event "Budapest Vezerkepzo IM-C 04"]
[Site "Budapest"]
[Date "2023.04.29"]
[Round "5"]
[White "Farago, Sandor"]
[Black "To, Nhat Minh"]
[Result "1/2-1/2"]
[WhiteElo "2091"]
[BlackElo "2354"]
[PlyCount "51"]
[EventDate "2023.04.25"]
[EventType "tourn"]
[EventRounds "9"]
[EventCountry "HUN"]
[SourceTitle "CBM 214 Extra"]
[Source "ChessBase"]
[SourceDate "2023.07.31"]
[SourceVersion "1"]
[SourceVersionDate "2023.07.31"]
[SourceQuality "1"]

1. e4 e5 2. Nf3 Nc6 3. Bb5 a6 4. Ba4 Nf6 5. d3 b5 6. Bb3 Bc5 7. 0-0 d6 8. h3 0-0 9. c3 h6 10. Re1 Bb6 11. Be3 Bxe3 12. Rxe3 Re8 13. Nbd2 Be6 14. Bxe6 Rxe6 15. d4 Re8 16. d5 Ne7 17. Nf1 Ng6 18. Ng3 Nf4 19. Ne2 N6h5 20. Nxf4 Nxf4 21. Kh2 Qd7 22. Ng1 f5 23. g3 Ng6 24. Qh5 f4 25. Rf3 Qf7 26. Rc1 1/2-1/2

[Event "Budapest FS04 Nadassy"]
[Site "Budapest"]
[Date "2023.04.10"]
[Round "9"]
[White "Farago, Sandor"]
[Black "Lee, Kyungseok"]
[Result "1/2-1/2"]
[WhiteElo "2091"]
[BlackElo "2013"]
[PlyCount "143"]
[EventDate "2023.04.01"]
[EventType "schev"]
[EventRounds "12"]
[EventCountry "HUN"]
[SourceTitle "EXT 2024"]
[Source "ChessBase"]
[SourceDate "2023.10.10"]
[SourceVersion "1"]
[SourceVersionDate "2023.10.10"]
[SourceQuality "1"]
[WhiteTeam "Team Higher Elo	"]
[BlackTeam "Team Lower Elo"]
[WhiteTeamCountry "HUN"]
[BlackTeamCountry "HUN"]

1. e4 e5 2. Nf3 Nc6 3. Bb5 a6 4. Ba4 d6 5. c3 Bd7 6. 0-0 g6 7. h3 Bg7 8. d4 Nf6 9. d5 Ne7 10. Bc2 h6 11. c4 g5 12. Nh2 Ng6 13. Nc3 Kf8 14. Ne2 Nf4 15. Ng3 h5 16. Nf5 g4 17. h4 Bxf5 18. exf5 Nd7 19. g3 Nh3+ 20. Kg2 Bf6 21. Be3 Bxh4 22. gxh4 Qxh4 23. Rh1 Rg8 24. Nf1 Qf6 25. Ng3 h4 26. Nh5 Qh8 27. Rxh3 Qxh5 28. Rh2 Nf6 29. Kh1 Ke7 30. Qe2 Rh8 31. Rg1 Rag8 32. Rgg2 Qh7 33. c5 Qg7 34. cxd6+ cxd6 35. Kg1 h3 36. Rg3 Nh5 37. Be4 Nxg3 38. fxg3 f6 39. Qd1 Rc8 40. Rc2 h2+ 41. Rxh2 Rxh2 42. Kxh2 Qh7+ 43. Kg1 Qh3 44. Qe1 Rc4 45. Bd3 Rc8 46. Qf2 Rh8 47. Qg2 Qh5 48. Be4 Rc8 49. Qh2 Qf7 50. Qe2 Qh5 51. Bd3 Rh8 52. Qg2 Rc8 53. Kf2 Rh8 54. Be4 Rc8 55. Ke2 Rh8 56. Qf2 Qe8 57. Kf1 Qb5+ 58. Qe2 Qb4 59. Qxg4 Rh2 60. Bf2 Qxb2 61. Qe2 Qa1+ 62. Qe1 Qxa2 63. Kg1 Rh8 64. Qb4 Qa1+ 65. Bb1 b5 66. Kg2 Rc8 67. Bd3 Qc3 68. Qb1 Qd2 69. Be4 Rc1 70. Qb3 Rc3 71. Qb1 Rc1 72. Qb3 1/2-1/2

[Event "Budapest FS04 Nadassy"]
[Site "Budapest"]
[Date "2023.04.03"]
[Round "3"]
[White "Lee, Kyungseok"]
[Black "Farago, Sandor"]
[Result "0-1"]
[WhiteElo "2013"]
[BlackElo "2091"]
[PlyCount "64"]
[EventDate "2023.04.01"]
[EventType "schev"]
[EventRounds "12"]
[EventCountry "HUN"]
[SourceTitle "EXT 2024"]
[Source "ChessBase"]
[SourceDate "2023.10.10"]
[SourceVersion "1"]
[SourceVersionDate "2023.10.10"]
[SourceQuality "1"]
[WhiteTeam "Team Lower Elo"]
[BlackTeam "Team Higher Elo	"]
[WhiteTeamCountry "HUN"]
[BlackTeamCountry "HUN"]

1. d4 Nf6 2. c4 c5 3. d5 d6 4. Nc3 g6 5. e4 Bg7 6. h3 Na6 7. Nf3 0-0 8. Be3 Qa5 9. Nd2 Bd7 10. Be2 Nc7 11. Nb3 Qb6 12. 0-0 a5 13. a4 Na6 14. Ra3 Rac8 15. Nd2 Nb4 16. Rb3 Qc7 17. Ra3 b6 18. Nf3 e5 19. dxe6 fxe6 20. Qd2 Bc6 21. Bd3 Qb7 22. Bb1 Rcd8 23. Re1 d5 24. cxd5 exd5 25. exd5 Nfxd5 26. Bg5 Rd7 27. Ne4 Nc3 28. Nd6 Nxb1 29. Rxb1 Qc7 30. Rd1 Bxf3 31. Rxf3 Rxf3 32. gxf3 Be5 0-1

[Event "Budapest FS03 Nadassy"]
[Site "Budapest"]
[Date "2023.03.08"]
[Round "5"]
[White "Farago, Sandor"]
[Black "Poor, Sandor"]
[Result "1-0"]
[WhiteElo "2106"]
[BlackElo "1913"]
[PlyCount "51"]
[EventDate "2023.03.04"]
[EventType "tourn"]
[EventRounds "9"]
[EventCountry "HUN"]
[SourceTitle "CBM 213 Extra"]
[Source "ChessBase"]
[SourceDate "2023.05.31"]
[SourceVersion "1"]
[SourceVersionDate "2023.05.31"]
[SourceQuality "1"]
[WhiteTeam "Team Higher Elo"]
[BlackTeam "Team Lower Elo"]
[WhiteTeamCountry "HUN"]
[BlackTeamCountry "HUN"]

1. e4 c5 2. Nf3 d6 3. d4 cxd4 4. Nxd4 Nf6 5. Nc3 a6 6. Bg5 Nbd7 7. f4 Qc7 8. Qf3 b5 9. 0-0-0 Bb7 10. Bd3 e6 11. Rhe1 Be7 12. Qh3 Nc5 13. e5 dxe5 14. fxe5 b4 15. exf6 gxf6 16. Nxe6 Nxe6 17. Rxe6 fxg5 18. Nb5 Qf4+ 19. Kb1 Rd8 20. g3 Qb8 21. Rxe7+ Kxe7 22. Re1+ Kf8 23. Qh6+ Kg8 24. Qxg5+ Kf8 25. Qe7+ Kg7 26. Nc7 1-0